Marketing research : online research applications

Αποθηκεύτηκε σε:
Λεπτομέρειες βιβλιογραφικής εγγραφής
Κύριος συγγραφέας: Burns, Alvin C.
Άλλοι συγγραφείς: Bush, Ronald F.
Μορφή: Βιβλίο
Γλώσσα:English
Δημοσίευση: Upper Saddle River : Prentice Hall, c2003
Έκδοση:4th ed.
Θέματα:
Ετικέτες: Προσθήκη ετικέτας
Δεν υπάρχουν, Καταχωρήστε ετικέτα πρώτοι!

MARC

LEADER 00000nam a2200000 i 4500
001 1/53209
008 040329s2003 eng d
020 |a 0-13-035135-0 
035 |l 10073061 
040 |a GR-MY-UA  |b gre  |e aacr 
041 0 |a eng 
082 0 |a 658.83 
100 1 |a Burns, Alvin C. 
245 1 0 |a Marketing research :  |b online research applications /  |c Alvin C. Burns, Ronald F. Bush 
250 |a 4th ed. 
260 |a Upper Saddle River :   |b Prentice Hall,   |c c2003 
300 |a xxxi,642 σ.  |b διαγρ., εικ., πιν.  |e 1 οπτική δισκέτα λέϊζερ Η/Υ (4 3/4 ίν.) 
504 |a Περιλαμβάνει ευρετήριο 
630 0 0 |a SPSS for Windows. 
650 0 0 |a Marketing research. 
700 1 |a Bush, Ronald F. 
852 |a INST  |b CHIOS  |e 20040329  |h 658.83 BUR  |p 005200023273  |q 005200023273  |t BK  |y 0 
852 |a INST  |b CHIOS  |e 20040402  |h 658.83 BUR   |p 005200023277  |q 005200023277  |t BK  |y 0 
901 |a BIBL2-2004-1 
909 |a Χ  |b 106723 
909 |a Χ  |b 106724 
922 |a 2ΕΛΗ  |b 200310  |c ΤΔΕ  |d ΜΙΧΑΛΟΠΟΥΛΟΣ 
950 |a 112-2003-09-05 
970 |a ΒΑΣΙΛΑΚΗ  |b ΝΙΚΗ  |z 2004/04/02